BFDIA Elimination Order - Statistics

General Stats
  • This quiz has been taken 182 times
  • The average score is 16 of 18
Answer Stats
Placement Contestant Against Episode % Correct
22nd Donut Pin 2
97%
21st Dora Fries 3
95%
19th Match Golf Ball 5
95%
20th Teardrop Coiny 4
95%
5th Pin Coiny 22
91%
16th Firey Pencil 8
90%
18th Puffball Golf Ball 6
90%
14th Gelatin Fries 10
89%
11th Golf Ball Bomby 14
89%
12th Ice Cube Pencil 12
88%
15th Yellow Face Spongy 9
88%
8th Pencil Needle (FreeSmart) 17
87%
17th Rocky Spongy 7
87%
13th Spongy Ice Cube 11
87%
9th Bomby Pin 16
85%
6th Fries Tennis Ball 19
85%
10th Ruby Book 15
84%
7th Nickel Needle 18
82%
No matching quizzes found
Score Distribution
Percent of People with Each Score
Percentile by Number Answered
Your Score History
You have not taken this quiz